Vergleich der Vergangenheitstempora im Deutschen mit besonderem Hinblick auf das Perfekt

Elmentve itt :
Bibliográfiai részletek
Szerző: Vighné Mizere Zsuzsa
További közreműködők: Scheibl György (Témavezető)
Dokumentumtípus: Szakdolgozat
Megjelent: 2006
Tárgyszavak:
Online Access:http://diploma.bibl.u-szeged.hu/144813
LEADER 00836nta a2200205 i 4500
001 dipl144813
005 20250321153855.0
008 250321s2006 hu om 000 ger d
040 |a SZTE Diploma Repozitórium  |b hun 
041 |a ger 
100 2 |a Vighné Mizere Zsuzsa 
245 1 0 |a Vergleich der Vergangenheitstempora im Deutschen mit besonderem Hinblick auf das Perfekt  |h [elektronikus dokumentum] /  |c Zsuzsa Vighné Mizere 
260 |c 2006 
650 4 |a Bölcsészettudományok 
650 4 |a Humanities 
650 4 |a Languages and Literature 
650 4 |a Linguistics 
700 0 1 |a Scheibl György  |e ths 
856 4 0 |u https://diploma.bibl.u-szeged.hu/id/eprint/144813/1/2006_vighne_mizere_zsuzsa.pdf  |z Dokumentum-elérés  
856 4 0 |u https://diploma.bibl.u-szeged.hu/id/eprint/144813/2/2006_vighne_mizere_zsuzsa_biralat.pdf  |z Dokumentum-elérés